000 00890nam a22002897a 4500
001 BR6005895
003 BR-BrBNA
005 20230928083232.0
007 ta
008 230509b bl.||||| |||| 00| 0 por d
040 _aBR-BrBNA
_bpor
_cBiblioteca Nacional de Agricultura
041 _a(Por)
072 _aF25
_b1623
090 _ 1623 BR6005895
100 1 _aGuedes, A.C.
110 1 _aUniversidade Federal de Vicosa, MG (Brasil)
_0Tese (Magister Scientiae)
245 1 _aEfeitos de niveis de calagem e de molibdenio sobre a producao da couve-flor (Brassica oleracea L. var. batrytis L.)
260 3 _aVicosa, MG (Brasil):
_c1972.
300 _a58 p.
500 _aBibliography p. 52-58 (60 ref.); Summary (Por)
650 _aNutricao vegetal
650 _aCouve-flor
650 _aCalagem
650 _aMolibdenio
909 _a202309
_bLucia
_c55
_dLucia Elande
942 _cBK
999 _c12311
_d12311